Normal view MARC view
  • Abastecimiento de agua

Entry Materia

Number of records used in: 3

001 - NÚMERO DE CONTROL DEL REGISTRO

  • campo de control: 13967

003 - IDENTIFICADOR DE NUMERO DE CONTROL

  • campo de control: UPN

005 - FECHA Y HORA DE LA ÚLTIMA TRANSACCIÓN

  • campo de control: 20241112125453.0

008 - DATOS DE LONGITUD FIJA

  • campo de control de longitud fija: nabaccnnaabn|||||||||| b |nc|||||d

035 ## - NÚMERO DE CONTROL DEL SISTEMA

  • Número de control del sistema: UPN10000013975

040 ## - FUENTE DE LA CATALOGACIÓN

  • Lengua de catalogación: SPA
  • Agencia de transcripción: UPN

150 ## - ENCABEZAMIENTO - TEMÁTICO

  • Término de materia o nombre geográfico como elemento inicial: Abastecimiento de agua
  • Subdivisión de materia general: Aspectos políticos

450 ## - VÉASE - MATERIA

  • Encabezamiento temático: Agua
  • Subcampo de control: nno
  • Subdivisión temática general: Absatecimiento
  • Subdivisión temática general: Aspectos políticos

670 ## - FUENTE EN LA QUE SE LOCALIZARON DATOS

  • Cita de la fuente: LC
  • Información localizada: Water - Supply - Political aspects

902 ## - CATALOGADOR

  • Catalogador: MCM/011209